Sathya Sai Baba 10 avatars in 1 (Record no. 163796)

MARC details
000 -LEADER
fixed length control field 00523nam a22001817a 4500
005 - DATE AND TIME OF LATEST TRANSACTION
control field 20190501120503.0
010 ## - LCCN (DPL NO)
LC control number ENG-125110
020 ## - INTERNATIONAL STANDARD BOOK NUMBER
Terms of availability 80.00
035 ## - SYSTEM CONTROL NUMBER
System control number EN-108642
037 ## - SOURCE OF ACQUISITION
Source of stock number/acquisition DBAD/PUB
082 ## - DEWEY DECIMAL CLASSIFICATION NUMBER
Classification number 230.35
100 ## - MAIN ENTRY--PERSONAL NAME
Personal name Vasantha Sai
245 ## - TITLE STATEMENT
Title Sathya Sai Baba 10 avatars in 1
Statement of responsibility, etc Vasantha Sai
260 ## - PUBLICATION, DISTRIBUTION, ETC. (IMPRINT)
Place of publication, distribution, etc Tamil Nadu
Name of publisher, distributor, etc Sri Vasanthasai Books & Publications Trust
270 ## - ADDRESS
City Madurai
Postal code 625706
Address Mukthi Nilyam,Royapalayam villageB.O.Tirumangalam S.O.
300 ## - PHYSICAL DESCRIPTION
Extent 180p
Other physical details 21cm
942 ## - ADDED ENTRY ELEMENTS (KOHA)
Source of classification or shelving scheme Dewey Decimal Classification
Item type English Books
Call number prefix VAS
Call number suffix 230.35
Holdings
Withdrawn status Lost status Not for loan Collection code Home library Current library Date acquired Source of acquisition Cost, normal purchase price Full call number Barcode Copy number Cost, replacement price Koha item type
    Not For Loan Non-fiction D.B.Act.Division Ashok Vihar 01/05/2019 DBAD/PUB 80.00 230.35 VAS EN-108642 1 80.00 English Books

© Delhi Public Library
Hit Counter
free hit counter